<The> Safety Risks Related To Bank Cards and Cyber Attacks

V súlade s nárastom a rýchlym rastom v elektronickom obchode v minulých desaťročiach sa používanie platobných kariet pri online nákupoch výrazne zvýšilo na trhu platobných kariet. Táto situácia viedla k výbuchu v podvodoch s platobnými kartami, pričom v odvetví platobných kariet sú to straty vo výšk...

Full description

Saved in:
Bibliographic Details
Main Author: Korauš, Antonín
Other Authors: Dobrovič, Ján, Rajnoha, Rastislav, Brezina, Ivan, ml
Format: Book Chapter
Language:English
Subjects:
Tags: Add Tag
No Tags, Be the first to tag this record!

MARC

LEADER 00000nla a2200000 4500
001 0246154
005 20221031112000.4
041 0 |a eng 
044 |a LT 
245 1 0 |a <The> Safety Risks Related To Bank Cards and Cyber Attacks  |c Anton Korauš, Ján Dobrovič, Rastislav Rajnoha, Ivan Brezina ml. 
520 |a V súlade s nárastom a rýchlym rastom v elektronickom obchode v minulých desaťročiach sa používanie platobných kariet pri online nákupoch výrazne zvýšilo na trhu platobných kariet. Táto situácia viedla k výbuchu v podvodoch s platobnými kartami, pričom v odvetví platobných kariet sú to straty vo výške miliárd eur a dolárov. 
610 2 0 |a banky 
610 2 0 |a karty platobné 
610 2 0 |a podvody bankové 
610 2 0 |a bezpečnosť 
610 2 0 |a bezpečnosť elektronická 
610 2 0 |a útoky kybernetické 
100 1 |a Korauš, Antonín 
700 1 |a Dobrovič, Ján 
700 1 |a Rajnoha, Rastislav 
700 1 |a Brezina, Ivan, ml.